[Event "1. Bl. 0607"]
[Site "?"]
[Date "2007.01.19"]
[Round "5.1"]
[White "Pavasovic, Dusko"]
[Black "Atlas, Valeri"]
[Result "1-0"]
[WhiteElo "2575"]
[BlackElo "2488"]
[PlyCount "121"]
[EventDate "2006.11.03"]
[EventType "team"]
[EventRounds "11"]
[EventCountry "AUT"]
[WhiteTeam "SK KlZtg MPOe Maria Saal"]
[BlackTeam "SK Hohenems"]

1. e4 c5 2. Nf3 e6 3. c3 Nf6 4. e5 Nd5 5. d4 cxd4 6. cxd4 d6 7. Bc4 Nc6 8. Qe2
Be7 9. O-O O-O 10. Qe4 Bd7 11. Re1 Rc8 12. a3 Na5 13. Ba2 Ba4 14. Nbd2 Bc2 15.
Qg4 Bf5 16. Qg3 b5 17. Ne4 dxe5 18. dxe5 Bg6 19. Bg5 Rc2 20. Bxd5 exd5 21. Bxe7
Qxe7 22. Nd6 Rxb2 23. Nd4 Rd2 24. Qe3 Rxd4 25. Qxd4 Nb3 26. Qxd5 Nxa1 27. Rxa1
a6 28. Rc1 Qg5 29. Rc7 h5 30. Qd4 Bf5 31. h4 Qg6 32. Rc3 Qe6 33. Rc6 Ra8 34.
Rb6 Bg6 35. Nxb5 Qe7 36. Nd6 a5 37. Qd5 Rd8 38. g3 a4 39. Rb7 Qe6 40. Qxe6 fxe6
41. f4 Bc2 42. Rc7 Bb3 43. Kf2 Kh7 44. Ke3 Kg6 45. Re7 Rb8 46. Ne8 Ba2 47. Kd4
Rb3 48. Rxe6+ Kh7 49. Re7 Rxg3 50. f5 Kg8 51. Nd6 Bb1 52. e6 Rxa3 53. Re8+ Kh7
54. e7 Rd3+ 55. Ke5 Re3+ 56. Kf4 Re1 57. Nf7 g5+ 58. Kxg5 Bxf5 59. Kf6 Re6+ 60.
Kxf5 Re1 61. Ne5 1-0

[Event "1. Bl. 0607"]
[Site "?"]
[Date "2007.01.19"]
[Round "5.2"]
[White "Naumann, Alexander"]
[Black "Ragger, Markus"]
[Result "1/2-1/2"]
[WhiteElo "2549"]
[BlackElo "2487"]
[PlyCount "85"]
[EventDate "2006.11.03"]
[EventType "team"]
[EventRounds "11"]
[EventCountry "AUT"]
[WhiteTeam "SK Hohenems"]
[BlackTeam "SK KlZtg MPOe Maria Saal"]

1. d4 d5 2. c4 c6 3. Nf3 Nf6 4. e3 Bf5 5. Nc3 e6 6. Nh4 Be4 7. f3 Bg6 8. Qb3
Qc7 9. Bd2 Nbd7 10. Rc1 Be7 11. g3 Nb6 12. cxd5 exd5 13. Kf2 Qd7 14. Nxg6 hxg6
15. h3 Nh5 16. Bd3 Nc8 17. Kg2 Nf6 18. g4 Nd6 19. Na4 Nc4 20. Bxc4 dxc4 21. Qc2
b5 22. Nc5 Bxc5 23. dxc5 O-O 24. e4 Qc7 25. Bg5 Qe5 26. Bh4 Rfd8 27. Rhd1 Qxc5
28. b3 Qe7 29. bxc4 bxc4 30. Bg3 Qe6 31. Rxd8+ Rxd8 32. Qxc4 Rd2+ 33. Bf2 Qxc4
34. Rxc4 Rxa2 35. Rxc6 a5 36. Rc8+ Kh7 37. Rd8 g5 38. e5 Ng8 39. Kg3 Ne7 40.
Be3 Ng6 41. Bxg5 Nxe5 42. Bf4 Ng6 43. Rd7 1/2-1/2

[Event "1. Bl. 0607"]
[Site "?"]
[Date "2007.01.19"]
[Round "5.3"]
[White "Bunzmann, Dimitrij"]
[Black "Bezold, Michael"]
[Result "1/2-1/2"]
[WhiteElo "2530"]
[BlackElo "2534"]
[PlyCount "184"]
[EventDate "2006.11.03"]
[EventType "team"]
[EventRounds "11"]
[EventCountry "AUT"]
[WhiteTeam "SK KlZtg MPOe Maria Saal"]
[BlackTeam "SK Hohenems"]

1. d4 d5 2. c4 e6 3. Nc3 c5 4. cxd5 exd5 5. Nf3 Nc6 6. g3 Nf6 7. Bg2 Bg4 8. Be3
cxd4 9. Bxd4 Be6 10. Qb3 Bb4 11. O-O O-O 12. Rad1 Re8 13. Ne5 a5 14. Nxc6 bxc6
15. a3 Be7 16. Na4 Qb8 17. Qxb8 Raxb8 18. Rc1 Ne4 19. Rc2 Bf5 20. g4 Bxg4 21.
f3 c5 22. Nxc5 Bxc5 23. Bxc5 Nxc5 24. fxg4 Ne4 25. Rf5 h6 26. Rxd5 Nf6 27. Rd4
Re3 28. Kf2 Reb3 29. Rc5 Rxb2 30. Rxa5 g5 31. Bf3 Kg7 32. Ra7 R8b6 33. h3 Ne8
34. a4 Rf6 35. a5 Ra2 36. Rd8 Nd6 37. Raa8 Re6 38. Rh8 Rxa5 39. Rhg8+ Kh7 40.
Rh8+ Kg7 41. Rag8+ Kf6 42. Rxh6+ Ke7 43. Rhh8 Ree5 44. Rb8 Reb5 45. Rxb5 Rxb5
46. Ke3 Ra5 47. Kd4 Ra4+ 48. Kc5 Ra5+ 49. Kb4 Re5 50. Kc3 Ra5 51. Rh5 Ne8 52.
h4 Kf6 53. Rh8 Re5 54. hxg5+ Kg7 55. Rh5 Nc7 56. Kd4 Ra5 57. Be4 Ne6+ 58. Ke3
Nxg5 59. Bf5 f6 60. Rh1 Re5+ 61. Kf2 Re7 62. Ra1 Nh3+ 63. Kg3 Ng5 64. Ra2 Re3+
65. Kf4 Re7 66. e4 Nf7 67. Ra5 Nd6 68. Ra6 Nxf5 69. gxf5 Kf7 70. Rd6 Ra7 71.
Ke3 Ra4 72. Rd7+ Ke8 73. Rc7 Kf8 74. Kd3 Ke8 75. Rc4 Ra1 76. Rc6 Ke7 77. Rc7+
Kd6 78. Rf7 Ra3+ 79. Kd4 Ra4+ 80. Ke3 Ra6 81. Kf4 Kc5 82. Re7 Rb6 83. Kg4 Rb1
84. Re6 Kd4 85. Kh5 Rg1 86. Kh6 Rg4 87. e5 fxe5 88. f6 e4 89. f7 Rf4 90. Kg7 e3
91. f8=Q Rxf8 92. Kxf8 Kd3 1/2-1/2

[Event "1. Bl. 0607"]
[Site "?"]
[Date "2007.01.19"]
[Round "5.4"]
[White "Novkovic, Milan"]
[Black "Tratar, Marko"]
[Result "1/2-1/2"]
[WhiteElo "2415"]
[BlackElo "2478"]
[PlyCount "24"]
[EventDate "2006.11.03"]
[EventType "team"]
[EventRounds "11"]
[EventCountry "AUT"]
[WhiteTeam "SK Hohenems"]
[BlackTeam "SK KlZtg MPOe Maria Saal"]

1. Nf3 Nf6 2. g3 g6 3. b3 Bg7 4. Bb2 O-O 5. Bg2 c5 6. c4 Nc6 7. O-O d6 8. Nc3
Ne4 9. Qc1 Nxc3 10. Bxc3 Bxc3 11. Qxc3 e5 12. e3 e4 1/2-1/2

[Event "1. Bl. 0607"]
[Site "?"]
[Date "2007.01.19"]
[Round "5.5"]
[White "Diermair, Andreas"]
[Black "Amann, Guenter"]
[Result "1-0"]
[WhiteElo "2391"]
[BlackElo "2328"]
[PlyCount "55"]
[EventDate "2006.11.03"]
[EventType "team"]
[EventRounds "11"]
[EventCountry "AUT"]
[WhiteTeam "SK KlZtg MPOe Maria Saal"]
[BlackTeam "SK Hohenems"]

1. e4 c5 2. Nf3 d6 3. d4 cxd4 4. Nxd4 Nf6 5. Nc3 g6 6. Be3 Bg7 7. f3 Nc6 8. Qd2
O-O 9. Bc4 Bd7 10. O-O-O Rc8 11. Bb3 Ne5 12. Kb1 Nc4 13. Bxc4 Rxc4 14. g4 b5
15. b3 Rc5 16. Ne6 fxe6 17. Bxc5 dxc5 18. e5 Nd5 19. Nxd5 Bxe5 20. Nxe7+ Qxe7
21. Qxd7 Qf6 22. Rhe1 Kh8 23. g5 Qxg5 24. Qxe6 Bd4 25. Qd7 b4 26. Re7 h5 27.
Rxd4 cxd4 28. Rh7+ 1-0

[Event "1. Bl. 0607"]
[Site "?"]
[Date "2007.01.19"]
[Round "5.6"]
[White "Atlas, Dimitry"]
[Black "Hoelzl, Franz"]
[Result "0-1"]
[WhiteElo "2286"]
[BlackElo "2353"]
[PlyCount "76"]
[EventDate "2006.11.03"]
[EventType "team"]
[EventRounds "11"]
[EventCountry "AUT"]
[WhiteTeam "SK Hohenems"]
[BlackTeam "SK KlZtg MPOe Maria Saal"]

1. e4 c5 2. c3 e6 3. d4 d5 4. e5 Nc6 5. Nf3 Bd7 6. Be2 Nge7 7. Na3 cxd4 8. cxd4
Nf5 9. Nc2 Qb6 10. g4 Nfe7 11. O-O h5 12. h3 hxg4 13. hxg4 f6 14. Bf4 g5 15.
Bg3 Bg7 16. Bd3 O-O-O 17. b4 fxe5 18. Nxe5 Nxe5 19. dxe5 Nc6 20. Qe2 Rh3 21.
Kg2 Rxg3+ 22. fxg3 Nxe5 23. Rac1 Kb8 24. Rf2 Rc8 25. Rd1 Rc3 26. Rd2 a6 27. Ne1
Ka7 28. Rc2 Ra3 29. Rd2 Bc6 30. Kg1 Nc4 31. Rc2 Bd4 32. Bxc4 dxc4 33. Kf1 Re3
34. Qd2 Rxg3 35. Qxg5 c3 36. Ng2 Qxb4 37. Qf4 Qb1+ 38. Ne1 Rg1+ 0-1

[Event "1. Bl. 0607"]
[Site "?"]
[Date "2007.01.20"]
[Round "6.1"]
[White "Dizdar, Goran"]
[Black "Atlas, Valeri"]
[Result "1/2-1/2"]
[WhiteElo "2541"]
[BlackElo "2488"]
[PlyCount "222"]
[EventDate "2006.11.03"]
[EventType "team"]
[EventRounds "11"]
[EventCountry "AUT"]
[WhiteTeam "SpG Absam / ISK"]
[BlackTeam "SK Hohenems"]

1. c4 c5 2. g3 e6 3. Bg2 a6 4. Nc3 Nf6 5. Nf3 b6 6. d4 cxd4 7. Nxd4 Ra7 8. e4
d6 9. O-O Be7 10. Qe2 Rc7 11. Rd1 Nfd7 12. b3 O-O 13. Ba3 Bb7 14. Rac1 Qc8 15.
Bb2 Re8 16. Bh3 Bf8 17. f4 Nc6 18. Nf3 Na7 19. f5 Ne5 20. Nd4 Nac6 21. Na4 Nxd4
22. Bxd4 b5 23. fxe6 fxe6 24. Nb6 Qb8 25. cxb5 axb5 26. Bxe5 dxe5 27. Nd7 Qa7+
28. Qf2 Qxf2+ 29. Kxf2 Rxc1 30. Rxc1 Ba3 31. Rc7 Bxe4 32. Nxe5 Bd6 33. Bxe6+
Rxe6 34. Rc8+ Bf8 35. Nd7 Rf6+ 36. Nxf6+ gxf6 37. a4 bxa4 38. bxa4 Kf7 39. a5
Bd3 40. Ke3 Bf1 41. Kd4 Bb4 42. Rc1 Be2 43. Rc2 Bf1 44. Ra2 Ba6 45. Kd5 Kg6 46.
Kc6 Bc3 47. Kb6 Bd3 48. Ra4 Bd2 49. a6 Be3+ 50. Kc6 Bf1 51. a7 Bg2+ 52. Kc7 f5
53. Kd6 f4 54. Ke5 fxg3 55. Rg4+ Kh5 56. Rxg3 Bxa7 57. Rxg2 Kh4 58. Ke4 h5 59.
Kf3 Kh3 60. Rg3+ Kxh2 61. Rg7 Bb8 62. Rh7 Kh1 63. Rxh5+ Bh2 64. Rd5 Bg1 65. Kg3
Bh2+ 66. Kh3 Bg1 67. Rd2 Bc5 68. Rh2+ Kg1 69. Rc2 Bd4 70. Rg2+ Kh1 71. Rh2+ Kg1
72. Rd2 Bb6 73. Rd1+ Kf2 74. Rd6 Bc5 75. Rg6 Bd4 76. Rg2+ Kf3 77. Rd2 Ke3 78.
Rd1 Bc3 79. Kg3 Be5+ 80. Kg2 Bc3 81. Rd8 Be5 82. Ra8 Ke4 83. Rd8 Bd4 84. Kg3
Be5+ 85. Kg4 Bd4 86. Re8+ Be5 87. Re7 Kd5 88. Kf5 Bd6 89. Re2 Bb4 90. Rc2 Kd4
91. Rc1 Ke3 92. Rb1 Bd6 93. Rb6 Bc7 94. Rb7 Bd6 95. Rf7 Bc5 96. Kg4 Ke4 97. Rc7
Bd6 98. Rc6 Kd5 99. Rc1 Bc5 100. Kf5 Kd4 101. Rd1+ Ke3 102. Rd5 Bd4 103. Rd8
Bc5 104. Re8+ Kf3 105. Rc8 Bd4 106. Rc4 Ke3 107. Rb4 Bc3 108. Rh4 Kd3 109. Ke6
Bd2 110. Kd5 Bc1 111. Rh3+ Be3 1/2-1/2

[Event "1. Bl. 0607"]
[Site "?"]
[Date "2007.01.20"]
[Round "6.2"]
[White "Naumann, Alexander"]
[Black "Teske, Henrik"]
[Result "0-1"]
[WhiteElo "2549"]
[BlackElo "2524"]
[PlyCount "100"]
[EventDate "2006.11.03"]
[EventType "team"]
[EventRounds "11"]
[EventCountry "AUT"]
[WhiteTeam "SK Hohenems"]
[BlackTeam "SpG Absam / ISK"]

1. e4 e6 2. d4 d5 3. Nc3 Bb4 4. e5 c5 5. a3 Ba5 6. b4 cxd4 7. Qg4 Kf8 8. Nb5
Bc7 9. Nf3 Nc6 10. Qf4 Nge7 11. Bd3 Ng6 12. Bxg6 hxg6 13. Bb2 f6 14. Nxc7 Qxc7
15. Bxd4 g5 16. Qe3 Nxd4 17. Qxd4 g4 18. Qxg4 Qc3+ 19. Ke2 Bd7 20. Qd4 Qxc2+
21. Kf1 Ke7 22. Kg1 Rac8 23. h4 Qc3 24. Qg4 fxe5 25. Rd1 Ba4 26. Qxg7+ Kd6 27.
Ng5 Bxd1 28. Nf7+ Kc6 29. Nxh8 Bh5 30. Kh2 Kd6 31. Qh6 e4 32. Qxh5 Rxh8 33. Qg5
Qe5+ 34. Qxe5+ Kxe5 35. Kh3 d4 36. g4 Kf4 37. g5 d3 38. g6 Kf3 39. Rg1 d2 40.
Rd1 Rh6 41. Rxd2 Rxg6 42. Rd7 Kxf2 43. Rf7+ Ke1 44. h5 Rh6 45. Kg4 e3 46. Kg5
Rh8 47. Re7 e2 48. Rxe6 Rd8 49. Kf6 Kd2 50. Ke7 Rd3 0-1

[Event "1. Bl. 0607"]
[Site "?"]
[Date "2007.01.20"]
[Round "6.5"]
[White "Gerhold, Michael"]
[Black "Amann, Guenter"]
[Result "0-1"]
[WhiteElo "2218"]
[BlackElo "2328"]
[PlyCount "54"]
[EventDate "2006.11.03"]
[EventType "team"]
[EventRounds "11"]
[EventCountry "AUT"]
[WhiteTeam "SpG Absam / ISK"]
[BlackTeam "SK Hohenems"]

1. Nf3 d5 2. d4 e6 3. c4 c6 4. Qc2 dxc4 5. Qxc4 Nf6 6. Bg5 Qb6 7. Qc2 Nbd7 8.
Nbd2 c5 9. g3 cxd4 10. Bh3 Be7 11. Nb3 Bb4+ 12. Kf1 e5 13. Nxe5 Nxe5 14. Bxc8
O-O 15. Bf5 Rad8 16. Kg2 Ng6 17. Rac1 Rfe8 18. a3 Be7 19. Rhd1 h6 20. Bxf6 Bxf6
21. Bxg6 fxg6 22. Qd3 Re5 23. Rc2 Rb5 24. Qc4+ Kh7 25. Rd3 Rd6 26. Qf7 Rc6 27.
Rcd2 Rc7 0-1

[Event "1. Bl. 0607"]
[Site "?"]
[Date "2007.01.20"]
[Round "6.6"]
[White "Atlas, Dimitry"]
[Black "Ferrari, Josef"]
[Result "1-0"]
[WhiteElo "2286"]
[BlackElo "2150"]
[PlyCount "113"]
[EventDate "2006.11.03"]
[EventType "team"]
[EventRounds "11"]
[EventCountry "AUT"]
[WhiteTeam "SK Hohenems"]
[BlackTeam "SpG Absam / ISK"]

1. e4 e5 2. Nf3 Nc6 3. Bc4 Nf6 4. d3 Bc5 5. c3 d6 6. Bb3 a6 7. Nbd2 O-O 8. h3
h6 9. Nf1 d5 10. Ng3 Be6 11. O-O dxe4 12. dxe4 Qxd1 13. Rxd1 Bxb3 14. axb3 Rad8
15. Rxd8 Rxd8 16. Kf1 Bb6 17. Ke2 Nd7 18. b4 Nf8 19. Nf5 Ne6 20. g3 f6 21. Nd2
Ba7 22. h4 h5 23. Nb3 g6 24. Ne3 Bxe3 25. Bxe3 Kf7 26. Na5 Nxa5 27. Rxa5 c6 28.
f4 exf4 29. gxf4 Ng7 30. Bd4 Re8 31. Kd3 f5 32. e5 Ne6 33. Be3 Rd8+ 34. Ke2 Rd7
35. Ra1 Nc7 36. Bc5 Ne6 37. Be3 Nc7 38. Rf1 Ne6 39. Bb6 Ke7 40. Ke3 Kf7 41. c4
a5 42. bxa5 c5 43. b4 Rd4 44. Bxc5 Rxc4 45. Kd3 Re4 46. Bd6 Ke8 47. b5 Kd7 48.
Kc3 Nxf4 49. Rd1 Ne2+ 50. Kb2 Kc8 51. Rd5 Nd4 52. Rc5+ Kd8 53. a6 bxa6 54. bxa6
Ne6 55. Ra5 Re2+ 56. Kc3 Re3+ 57. Kd2 1-0

[Event "1. Bl. 0607"]
[Site "?"]
[Date "2007.01.20"]
[Round "6.3"]
[White "Lehner, Oliver"]
[Black "Bunzmann, Dimitrij"]
[Result "1-0"]
[WhiteElo "2415"]
[BlackElo "2530"]
[PlyCount "91"]
[EventDate "2006.11.03"]
[EventType "team"]
[EventRounds "11"]
[EventCountry "AUT"]
[WhiteTeam "SK Sparkasse Jenbach"]
[BlackTeam "SK KlZtg MPOe Maria Saal"]

1. Nf3 e6 2. c4 f5 3. g3 Nf6 4. Bg2 Be7 5. O-O O-O 6. d3 Nc6 7. Nc3 d6 8. Rb1
a5 9. a3 Qe8 10. e3 Kh8 11. b3 Bd8 12. b4 axb4 13. axb4 Qh5 14. Nd4 Nxd4 15.
exd4 Qf7 16. Re1 Ne8 17. Ne2 Bf6 18. Bb2 c6 19. Ra1 Rxa1 20. Qxa1 d5 21. Kh1
Nd6 22. c5 Nb5 23. Ng1 g5 24. Nf3 g4 25. Ne5 Bxe5 26. Rxe5 f4 27. Bc1 fxg3 28.
fxg3 Qg6 29. Bf4 Qxd3 30. Rg5 Rxf4 31. gxf4 Qxd4 32. Qf1 Qxb4 33. Rxg4 Qxc5 34.
Bh3 Qf8 35. Rg1 Nd4 36. f5 Nxf5 37. Qf4 c5 38. Qe5+ Ng7 39. Rf1 Qe8 40. Bg4 h5
41. Bd1 Bd7 42. Bc2 Kg8 43. Qf6 Bb5 44. Rf2 d4 45. Bg6 Qc6+ 46. Kg1 1-0

[Event "1. Bl. 0607"]
[Site "?"]
[Date "2007.01.20"]
[Round "6.4"]
[White "Tratar, Marko"]
[Black "Stangl, Markus"]
[Result "1-0"]
[WhiteElo "2478"]
[BlackElo "2465"]
[PlyCount "49"]
[EventDate "2006.11.03"]
[EventType "team"]
[EventRounds "11"]
[EventCountry "AUT"]
[WhiteTeam "SK KlZtg MPOe Maria Saal"]
[BlackTeam "SK Sparkasse Jenbach"]

1. Nf3 d5 2. d4 e6 3. c4 c6 4. e3 f5 5. Bd3 Bd6 6. O-O Qf6 7. b3 Nd7 8. Ba3 Bb8
9. Qc2 Ne7 10. cxd5 cxd5 11. Nc3 a6 12. Rfe1 g5 13. Rac1 g4 14. Nd2 O-O 15. g3
h5 16. Bf1 h4 17. Bg2 Re8 18. Bxe7 Qxe7 19. Nxd5 exd5 20. Qxf5 Qh7 21. Bxd5+
Kh8 22. Qxh7+ Kxh7 23. Rxc8 Rxc8 24. Bxb7 Rc2 25. Be4+ 1-0

[Event "1. Bl. 0607"]
[Site "?"]
[Date "2007.01.20"]
[Round "6.6"]
[White "Hoelzl, Franz"]
[Black "Kleissl, Helmut"]
[Result "1/2-1/2"]
[WhiteElo "2353"]
[BlackElo "2311"]
[PlyCount "74"]
[EventDate "2006.11.03"]
[EventType "team"]
[EventRounds "11"]
[EventCountry "AUT"]
[WhiteTeam "SK KlZtg MPOe Maria Saal"]
[BlackTeam "SK Sparkasse Jenbach"]

1. d4 d6 2. Nf3 g6 3. c4 Bg7 4. Nc3 Bg4 5. g3 Bxf3 6. exf3 e6 7. Bg2 d5 8. cxd5
exd5 9. O-O Ne7 10. Re1 O-O 11. Bg5 Nbc6 12. Qb3 Qd7 13. Rad1 h6 14. Bxe7 Nxe7
15. Bh3 Qxh3 16. Rxe7 c6 17. Ne2 b6 18. Qd3 Qh5 19. Rc7 Rfc8 20. Rxc8+ Rxc8 21.
b4 Qg5 22. a4 Qe7 23. b5 Qb4 24. Nc3 Qb3 25. Ne2 Qxd3 26. Rxd3 cxb5 27. axb5
Rc4 28. Ra3 Bxd4 29. Rxa7 Bc5 30. Nf4 Rb4 31. Nxd5 Rxb5 32. Nf6+ Kg7 33. Ne4
Bf8 34. Kg2 Re5 35. Rb7 Re6 36. h4 Be7 37. Nc3 Bc5 1/2-1/2

[Event "1. Bl. 0607"]
[Site "?"]
[Date "2007.01.20"]
[Round "6.2"]
[White "Siebrecht, Sebastian"]
[Black "Korneev, Oleg"]
[Result "0-1"]
[WhiteElo "2457"]
[BlackElo "2606"]
[PlyCount "90"]
[EventDate "2006.11.03"]
[EventType "team"]
[EventRounds "11"]
[EventCountry "AUT"]
[WhiteTeam "SK Advisory Invest Baden"]
[BlackTeam "SpG Holz Dohr   Semriach"]

1. d4 d5 2. Nf3 Nf6 3. c4 dxc4 4. e3 a6 5. a4 Bg4 6. Bxc4 e6 7. Nc3 Nc6 8. O-O
Bd6 9. h3 Bh5 10. Be2 O-O 11. Kh1 Qe7 12. e4 Bxf3 13. Bxf3 Rad8 14. Bg5 Be5 15.
d5 h6 16. Bd2 Nd4 17. Re1 c6 18. Be2 Nxe2 19. Qxe2 Bxc3 20. d6 Qxd6 21. Bxc3
Qd3 22. Bxf6 Qxe2 23. Rxe2 gxf6 24. Ra3 Rd1+ 25. Kh2 Rfd8 26. Rb3 R8d7 27. Rf3
Kg7 28. Ree3 R7d4 29. Rb3 b5 30. axb5 cxb5 31. Ra3 Rxe4 32. Rxa6 f5 33. Ra7 b4
34. Rb7 h5 35. g3 Kg6 36. Kg2 Rd2 37. b3 Rd1 38. Rb6 Kg7 39. Rb5 Ree1 40. Rf4
e5 41. Rxf5 e4 42. g4 h4 43. Rg5+ Kf8 44. Rb8+ Ke7 45. Re5+ Kd7 0-1

[Event "1. Bl. 0607"]
[Site "?"]
[Date "2007.01.20"]
[Round "6.4"]
[White "Lendwai, Reinhard"]
[Black "Kindermann, Stefan"]
[Result "1/2-1/2"]
[WhiteElo "2428"]
[BlackElo "2532"]
[PlyCount "45"]
[EventDate "2006.11.03"]
[EventType "team"]
[EventRounds "11"]
[EventCountry "AUT"]
[WhiteTeam "SK Advisory Invest Baden"]
[BlackTeam "SpG Holz Dohr   Semriach"]

1. e4 e6 2. d4 d5 3. exd5 exd5 4. Bd3 c5 5. Nf3 Nc6 6. dxc5 Bxc5 7. O-O Nge7 8.
Nbd2 O-O 9. Nb3 Bb6 10. c3 h6 11. Re1 Bg4 12. Be3 Bc7 13. h3 Bh5 14. Be2 Re8
15. Nbd4 a6 16. Nh4 Bxe2 17. Qxe2 Qd6 18. g3 Ng6 19. Nhf5 Qf6 20. Qf3 Nge5 21.
Qxd5 Rad8 22. Qe4 Nc4 23. Qf3 1/2-1/2

[Event "1. Bl. 0607"]
[Site "?"]
[Date "2007.01.20"]
[Round "6.5"]
[White "Freitag, Manfred"]
[Black "Baumegger, Siegfried"]
[Result "1/2-1/2"]
[WhiteElo "2402"]
[BlackElo "2418"]
[PlyCount "84"]
[EventDate "2006.11.03"]
[EventType "team"]
[EventRounds "11"]
[EventCountry "AUT"]
[WhiteTeam "SpG Holz Dohr   Semriach"]
[BlackTeam "SK Advisory Invest Baden"]

1. e4 c5 2. d3 Nf6 3. f4 d5 4. Nd2 Nc6 5. e5 Ng4 6. Ndf3 Nh6 7. c3 d4 8. c4 g6
9. Ne2 Bg7 10. Ng3 O-O 11. Be2 f6 12. exf6 exf6 13. Nd2 f5 14. O-O Qd6 15. a3
a5 16. Rb1 Bd7 17. b3 Rae8 18. Rf2 Re7 19. Ndf1 Rfe8 20. Bd2 Nf7 21. Bf3 h5 22.
Bd5 Kh8 23. Kh1 Nh6 24. h3 Ng8 25. Bf3 Nf6 26. Re2 Bh6 27. Rxe7 Rxe7 28. Ne2 b6
29. b4 axb4 30. axb4 Nxb4 31. Bxb4 cxb4 32. Qb3 Ne4 33. Qxb4 Qxb4 34. Rxb4 Nf2+
35. Kg1 Nxd3 36. Rxb6 Nxf4 37. Nxd4 Bg7 38. Nb3 Be6 39. Nfd2 Kg8 40. h4 Kf7 41.
g3 Nd3 42. Rd6 Rd7 1/2-1/2

[Event "1. Bl. 0607"]
[Site "?"]
[Date "2007.01.20"]
[Round "6.6"]
[White "Sulyok, Michael"]
[Black "Karner, Christoph"]
[Result "1/2-1/2"]
[WhiteElo "2233"]
[BlackElo "2319"]
[PlyCount "26"]
[EventDate "2006.11.03"]
[EventType "team"]
[EventRounds "11"]
[EventCountry "AUT"]
[WhiteTeam "SK Advisory Invest Baden"]
[BlackTeam "SpG Holz Dohr   Semriach"]

1. c4 Nf6 2. Nc3 g6 3. e4 d6 4. d4 Bg7 5. h3 O-O 6. Bg5 c6 7. Bd3 a6 8. Nf3 b5
9. O-O Bb7 10. Re1 Nbd7 11. e5 dxe5 12. dxe5 Nc5 13. Bf1 Nfd7 1/2-1/2

[Event "1. Bl. 0607"]
[Site "?"]
[Date "2007.01.20"]
[Round "6.1"]
[White "Kalod, Radek"]
[Black "Mikhalchishin, Adrian"]
[Result "1-0"]
[WhiteElo "2475"]
[BlackElo "2540"]
[PlyCount "103"]
[EventDate "2006.11.03"]
[EventType "team"]
[EventRounds "11"]
[EventCountry "AUT"]
[WhiteTeam "ASVOe Wulkaprodersdorf"]
[BlackTeam "SK Leoben"]

1. e4 e5 2. Nf3 Nc6 3. d4 exd4 4. Nxd4 Bc5 5. Be3 Qf6 6. c3 Nge7 7. g3 h5 8. h3
h4 9. g4 Ng6 10. Bg2 Nf4 11. O-O Ne5 12. Nd2 d6 13. Nc4 Nxc4 14. Qa4+ c6 15.
Qxc4 O-O 16. e5 dxe5 17. Qxc5 Nxg2 18. Kxg2 exd4 19. Qxd4 Qg6 20. Qf4 Be6 21.
b3 Rfd8 22. c4 b5 23. cxb5 cxb5 24. Rfd1 a5 25. Kh2 f6 26. Rac1 Rd3 27. Rxd3
Qxd3 28. Rc7 Rc8 29. Re7 Bd5 30. Bd4 Rf8 31. Rxg7+ Kxg7 32. Qg5+ Kh7 33. Qh5+
Kg7 34. Qxd5 Qg6 35. Qxb5 Kh7 36. Qxa5 Qe4 37. Qh5+ Kg8 38. Be3 Rd8 39. Qxh4
Qe5+ 40. Qg3 Qxg3+ 41. Kxg3 Ra8 42. a4 Rb8 43. a5 Rxb3 44. a6 Ra3 45. a7 Kf7
46. h4 f5 47. g5 Kg6 48. Kf4 Ra4+ 49. Ke5 f4 50. Bb6 Kh5 51. Kf5 f3 52. g6 1-0

[Event "1. Bl. 0607"]
[Site "?"]
[Date "2007.01.20"]
[Round "6.2"]
[White "Bokros, Albert"]
[Black "Likavsky, Tomas"]
[Result "0-1"]
[WhiteElo "2465"]
[BlackElo "2492"]
[PlyCount "76"]
[EventDate "2006.11.03"]
[EventType "team"]
[EventRounds "11"]
[EventCountry "AUT"]
[WhiteTeam "SK Leoben"]
[BlackTeam "ASVOe Wulkaprodersdorf"]

1. e4 c5 2. Nf3 d6 3. d4 cxd4 4. Nxd4 Nf6 5. f3 e5 6. Nb3 d5 7. Bg5 Be6 8. Bxf6
gxf6 9. exd5 Qxd5 10. Qxd5 Bxd5 11. Nc3 Be6 12. O-O-O Nc6 13. Bb5 a6 14. Bxc6+
bxc6 15. Ne4 f5 16. Nd6+ Ke7 17. Na5 Kf6 18. Nxc6 a5 19. Kb1 Bxd6 20. Rxd6 Ra6
21. Rd8 Rxd8 22. Nxd8 Bc8 23. Rd1 Ke7 24. c4 e4 25. Kc1 Rg6 26. c5 e3 27. Rd5
Rxg2 28. Nc6+ Kf6 29. Na7 Be6 30. Rd3 f4 31. c6 Rf2 32. Kd1 Rxf3 33. c7 Rf1+
34. Ke2 Rc1 35. Rc3 Bg4+ 36. Kd3 Rd1+ 37. Kc2 e2 38. Rc4 Bf5+ 0-1

[Event "1. Bl. 0607"]
[Site "?"]
[Date "2007.01.20"]
[Round "6.3"]
[White "Polzin, Rainer"]
[Black "Bachler, Reinhard"]
[Result "1-0"]
[WhiteElo "2470"]
[BlackElo "2270"]
[PlyCount "99"]
[EventDate "2006.11.03"]
[EventType "team"]
[EventRounds "11"]
[EventCountry "AUT"]
[WhiteTeam "ASVOe Wulkaprodersdorf"]
[BlackTeam "SK Leoben"]

1. e4 c5 2. Nc3 d6 3. f4 Nc6 4. Nf3 a6 5. g3 g6 6. Bg2 Bg7 7. O-O e6 8. d3 Nge7
9. Be3 Nd4 10. e5 Nef5 11. Bf2 Nxf3+ 12. Qxf3 dxe5 13. Bxc5 exf4 14. Qxf4 Bd4+
15. Bxd4 Qxd4+ 16. Qxd4 Nxd4 17. Rf2 f5 18. Na4 Rb8 19. Nb6 Bd7 20. Re1 Kd8 21.
Rf4 Nc6 22. Bxc6 bxc6 23. Nc4 Kc7 24. a4 g5 25. Rf2 h5 26. h3 Rb4 27. b3 Rh7
28. Re5 Rb8 29. Ra5 Kb7 30. Ne5 Be8 31. b4 Rd8 32. c4 Rd4 33. Rc5 Kb6 34. Kf1
h4 35. g4 fxg4 36. hxg4 h3 37. Kg1 Rf4 38. Rxf4 h2+ 39. Kh1 gxf4 40. d4 Rh3 41.
d5 f3 42. a5+ Kb7 43. dxc6+ Kc7 44. Nd3 Bg6 45. Nf2 Rg3 46. b5 Rg1+ 47. Kxh2
Rg2+ 48. Kh3 Rxf2 49. b6+ Kc8 50. Rg5 1-0

[Event "1. Bl. 0607"]
[Site "?"]
[Date "2007.01.20"]
[Round "6.5"]
[White "Schweda, Roland"]
[Black "Dietmayer Kraeutler, Marco"]
[Result "1/2-1/2"]
[WhiteElo "2436"]
[BlackElo "2262"]
[PlyCount "116"]
[EventDate "2006.11.03"]
[EventType "team"]
[EventRounds "11"]
[EventCountry "AUT"]
[WhiteTeam "ASVOe Wulkaprodersdorf"]
[BlackTeam "SK Leoben"]

1. d4 d5 2. Nf3 Nf6 3. c4 e6 4. Bg5 Nbd7 5. cxd5 exd5 6. e3 c6 7. Nc3 Be7 8.
Bd3 Ne4 9. Bxe7 Qxe7 10. Qc2 f5 11. O-O O-O 12. Rae1 Rf6 13. Nd2 Rh6 14. g3 Qg5
15. Re2 Rh3 16. f4 Qh5 17. Rg2 Ndf6 18. Be2 Qe8 19. Ndxe4 fxe4 20. f5 Qe7 21.
Nd1 Ne8 22. Rf4 Qg5 23. Nf2 Rh6 24. h4 Qe7 25. Ng4 Rd6 26. Ne5 Nf6 27. g4 Nd7
28. Qc3 c5 29. g5 cxd4 30. exd4 Nxe5 31. dxe5 Rc6 32. Qd4 Qc5 33. Qxc5 Rxc5 34.
e6 g6 35. e7 Bxf5 36. Rxf5 gxf5 37. Bh5 d4 38. e8=Q+ Rxe8 39. Bxe8 e3 40. g6
hxg6 41. Rxg6+ Kf8 42. Re6 f4 43. Bg6 f3 44. Bd3 Rc1+ 45. Kh2 e2 46. Bxe2 Rc2
47. Rf6+ Ke7 48. Rxf3 Rxe2+ 49. Kg3 Rxb2 50. Rb3 Rxa2 51. Rxb7+ Kd6 52. h5 d3
53. Kf3 Kc6 54. Rb3 Rh2 55. Rxd3 Rxh5 56. Ke2 Kb5 57. Kd2 Kc4 58. Rg3 a5
1/2-1/2

[Event "1. Bl. 0607"]
[Site "?"]
[Date "2007.01.20"]
[Round "6.6"]
[White "Sandner, Wolfgang"]
[Black "Volkmann, Friedrich Karl"]
[Result "0-1"]
[WhiteElo "2234"]
[BlackElo "2418"]
[PlyCount "68"]
[EventDate "2006.11.03"]
[EventType "team"]
[EventRounds "11"]
[EventCountry "AUT"]
[WhiteTeam "SK Leoben"]
[BlackTeam "ASVOe Wulkaprodersdorf"]

1. e4 c5 2. Nf3 Nc6 3. d4 cxd4 4. Nxd4 Nf6 5. Nc3 e5 6. Ndb5 d6 7. a4 a6 8. Na3
Bg4 9. Be2 Bxe2 10. Qxe2 Nd4 11. Qd3 d5 12. O-O dxe4 13. Nxe4 Nd5 14. Ng5 Be7
15. Nf3 Nb4 16. Qe4 f5 17. Qxe5 Nxf3+ 18. gxf3 O-O 19. Bf4 Kh8 20. Rad1 Qe8 21.
Qe3 Qg6+ 22. Kh1 Rae8 23. Rg1 Qh5 24. Rg2 Nc6 25. Rdg1 Bf6 26. Qb3 Nd4 27. Qxb7
Nxf3 28. Rf1 Re4 29. Bg3 Rfe8 30. Nb1 Re1 31. Nd2 Nxd2 32. Rxe1 Rxe1+ 33. Rg1
Rxg1+ 34. Kxg1 Qd1+ 0-1